[Event "2. BUNDESLIGA MITTE 2018/2019"]
[Site "Grieskirchen, Friedberg/Sauwald, St. Veit, Deutschlandsberg"]
[Date "2019.03.02"]
[Round "10"]
[Board "5"]
[White "Teuschler, Barbara"]
[Black "Heimberger, Reinhard"]
[Result "1/2-1/2"]
[WhiteElo "2203"]
[BlackElo "2235"]
[PlyCount "84"]
[EventDate "2018.10.19"]
[EventType "team"]
[EventRounds "11"]
[EventCountry "AUT"]
[WhiteTeam "Schachfreunde Graz"]
[BlackTeam "ASK St.Valentin"]

1.e4 c5 2.Nf3 d6 3.d4 cxd4 4.Nxd4 Nf6 5.Nc3 a6 6.Be2 e6 7.O-O Be7 8.f4 Qc7 9.a4 Bd7
10.Kh1 Nc6 11.Nb3 O-O 12.Be3 Na5 13.Nxa5 Qxa5 14.Qd3 Rac8 15.Bf3 Qc7 16.Rfd1 Bc6 17.a5
Nd7 18.Rd2 Nc5 19.Qc4 Nxe4 20.Bxe4 d5 21.Nxd5 exd5 22.Bxd5 Bxd5 23.Qxd5 Rfd8 24.Qf3
Rxd2 25.Bxd2 Qxc2 26.Bc3 Rd8 27.h3 Qb3 28.Qg4 f6 29.Re1 Qf7 30.Qf3 Bc5 31.Qe4 Qd5
32.Qa4 Qd7 33.Qb3+ Qd5 34.Qa4 h6 35.Re8+ Rxe8 36.Qxe8+ Kh7 37.Qe2 Bd6 38.Bd2 Qd4 39.Be3
Qe4 40.Qf2 Bc7 41.Qd2 Qf5 42.b4 h5 1/2-1/2

[Event "2. BUNDESLIGA MITTE 2018/2019"]
[Site "Grieskirchen, Friedberg/Sauwald, St. Veit, Deutschlandsberg"]
[Date "2019.03.02"]
[Round "10"]
[Board "6"]
[White "Herndl, Gerald"]
[Black "Eder, Matthias"]
[Result "0-1"]
[WhiteElo "2028"]
[BlackElo "2166"]
[PlyCount "54"]
[EventDate "2018.10.19"]
[EventType "team"]
[EventRounds "11"]
[EventCountry "AUT"]
[WhiteTeam "ASK St.Valentin"]
[BlackTeam "Schachfreunde Graz"]

1.e4 e5 2.Nf3 Nc6 3.Bb5 f5 4.d4 fxe4 5.Nxe5 Nxe5 6.dxe5 c6 7.Bc4 Qa5+ 8.Nc3 Qxe5 9.O-O
d5 10.Re1 Nf6 11.f3 Bc5+ 12.Kh1 Qh5 13.Bf1 Bd6 14.h3 O-O 15.Be3 exf3 16.Qxf3 Ng4 17.Qe2
Qh4 18.Bg1 Qg3 19.Nd1 Bf5 20.Qd2 Be4 21.Qc3 Rf3 22.Rxe4 Rxc3 23.Rxg4 Qe1 24.Nxc3 Qxa1
25.Bd3 Re8 26.Ne2 Rxe2 27.Bxe2 Bc5 0-1

[Event "2. BUNDESLIGA MITTE 2018/2019"]
[Site "Grieskirchen, Friedberg/Sauwald, St. Veit, Deutschlandsberg"]
[Date "2019.03.02"]
[Round "10"]
[Board "1"]
[White "Ftacnik, Lubomir"]
[Black "Halvax, Georg"]
[Result "1/2-1/2"]
[WhiteElo "2513"]
[BlackElo "2421"]
[PlyCount "91"]
[EventDate "2018.10.19"]
[EventType "team"]
[EventRounds "11"]
[EventCountry "AUT"]
[WhiteTeam "SC Pinggau-Friedberg"]
[BlackTeam "SC MPOE Maria Saal II"]

1.Nf3 Nf6 2.c4 e6 3.g3 d5 4.d4 Be7 5.Bg2 O-O 6.O-O dxc4 7.Qc2 b6 8.Bg5 Nd5 9.Bxe7
Qxe7 10.Qxc4 Ba6 11.Qc2 c5 12.Nc3 Nd7 13.Rfe1 N7f6 14.Nxd5 exd5 15.Qa4 Bb7 16.Rac1
a6 17.dxc5 bxc5 18.Nd2 Rfe8 19.Qa3 Rac8 20.Nb3 c4 21.Qxe7 Rxe7 22.Nd4 g6 23.Rc2 Nd7
24.b3 Nb6 25.Rb1 Rcc7 26.e3 cxb3 27.Rxb3 Rxc2 28.Nxc2 Nc4 29.Nd4 Rc7 30.Rc3 Rc8 31.h3
Kf8 32.g4 h6 33.Kh2 Nd6 34.Rb3 Ke7 35.Kg3 Rc5 36.h4 Bc8 37.g5 hxg5 38.hxg5 Nb5 39.Nxb5
axb5 40.Bf1 Bd7 41.f4 Kd6 42.Bd3 Bc6 43.a3 Rc1 44.Bxb5 Bxb5 45.Rxb5 Rc3 46.Kf2 1/2-1/2

[Event "2. BUNDESLIGA MITTE 2018/2019"]
[Site "Grieskirchen, Friedberg/Sauwald, St. Veit, Deutschlandsberg"]
[Date "2019.03.02"]
[Round "10"]
[Board "2"]
[White "Handler, Lukas"]
[Black "Milanovic, Danilo"]
[Result "0-1"]
[WhiteElo "2415"]
[BlackElo "2493"]
[PlyCount "52"]
[EventDate "2018.10.19"]
[EventType "team"]
[EventRounds "11"]
[EventCountry "AUT"]
[WhiteTeam "SC MPOE Maria Saal II"]
[BlackTeam "SC Pinggau-Friedberg"]

1.d4 Nf6 2.c4 c5 3.d5 b5 4.cxb5 a6 5.f3 g6 6.e4 Bg7 7.Nc3 O-O 8.a4 d6 9.Nge2 Nbd7
10.Nf4 Ne8 11.Be3 Qa5 12.Bd2 axb5 13.Bxb5 Ne5 14.O-O Ba6 15.Nfe2 Qb6 16.Be3 Nc4 17.Bf2
Nc7 18.b4 Bxb5 19.axb5 Rxa1 20.Qxa1 Nxb5 21.bxc5 dxc5 22.Rb1 Nxc3 23.Nxc3 Bxc3 24.Qa2
Nb2 25.Qa3 Qb4 26.Bxc5 Bd4+ 0-1

[Event "2. BUNDESLIGA MITTE 2018/2019"]
[Site "Grieskirchen, Friedberg/Sauwald, St. Veit, Deutschlandsberg"]
[Date "2019.03.02"]
[Round "10"]
[Board "3"]
[White "Schnider, Gert"]
[Black "Tratar, Marko"]
[Result "0-1"]
[WhiteElo "2424"]
[BlackElo "2455"]
[PlyCount "78"]
[EventDate "2018.10.19"]
[EventType "team"]
[EventRounds "11"]
[EventCountry "AUT"]
[WhiteTeam "SC Pinggau-Friedberg"]
[BlackTeam "SC MPOE Maria Saal II"]

1.e4 e6 2.d4 d5 3.Nc3 Nf6 4.e5 Nfd7 5.f4 c5 6.Nf3 Nc6 7.Be3 cxd4 8.Nxd4 Bc5 9.Qd2
O-O 10.O-O-O a6 11.h4 Nxd4 12.Bxd4 b5 13.h5 b4 14.Ne2 a5 15.Kb1 Ba6 16.Nc1 Bxd4 17.Qxd4
Qc7 18.Qd2 Nc5 19.Bd3 Rfb8 20.h6 g6 21.Nb3 a4 22.Nxc5 Qxc5 23.Rh3 Rc8 24.Bxa6 Rxa6
25.c3 Rb6 26.Rc1 Rbc6 27.Rhh1 b3 28.a3 Qf8 29.Rcf1 Qe7 30.Rh3 Rc4 31.f5 gxf5 32.Rg3+
Kh8 33.Rf4 Rxf4 34.Qxf4 Rc4 35.Qf2 Qh4 36.Kc1 Qh1+ 37.Kd2 Qxh6+ 38.Kd3 Qf4 39.Qb6
Qxg3+ 0-1

[Event "2. BUNDESLIGA MITTE 2018/2019"]
[Site "Grieskirchen, Friedberg/Sauwald, St. Veit, Deutschlandsberg"]
[Date "2019.03.02"]
[Round "10"]
[Board "4"]
[White "Rieger, Robert"]
[Black "Mahdy, Khaled"]
[Result "1/2-1/2"]
[WhiteElo "2297"]
[BlackElo "2382"]
[PlyCount "71"]
[EventDate "2018.10.19"]
[EventType "team"]
[EventRounds "11"]
[EventCountry "AUT"]
[WhiteTeam "SC MPOE Maria Saal II"]
[BlackTeam "SC Pinggau-Friedberg"]

1.e4 e5 2.Nf3 Nc6 3.Bb5 a6 4.Ba4 d6 5.Bxc6+ bxc6 6.d4 f6 7.Nc3 Be6 8.Be3 Ne7 9.Qd2
Qb8 10.O-O Ng6 11.d5 cxd5 12.Nxd5 Qb7 13.Qa5 Bxd5 14.exd5 Be7 15.Qa4+ Qb5 16.Qb3 O-O
17.c4 Qd7 18.Nd2 f5 19.f3 Bf6 20.Rab1 a5 21.Qc2 Ne7 22.b3 c6 23.dxc6 Qxc6 24.Qd3 Rfd8
25.Rbc1 d5 26.cxd5 Qxd5 27.Qxd5+ Nxd5 28.Nc4 a4 29.Rcd1 axb3 30.axb3 Rab8 31.Bf2 Rxb3
32.Rfe1 Nc3 33.Rxd8+ Bxd8 34.Nxe5 Bg5 35.Nc4 Rb1 36.Rxb1 1/2-1/2

[Event "2. BUNDESLIGA MITTE 2018/2019"]
[Site "Grieskirchen, Friedberg/Sauwald, St. Veit, Deutschlandsberg"]
[Date "2019.03.02"]
[Round "10"]
[Board "5"]
[White "Schieder, Andreas"]
[Black "Tomazini, Zan"]
[Result "0-1"]
[WhiteElo "2205"]
[BlackElo "2431"]
[PlyCount "66"]
[EventDate "2018.10.19"]
[EventType "team"]
[EventRounds "11"]
[EventCountry "AUT"]
[WhiteTeam "SC Pinggau-Friedberg"]
[BlackTeam "SC MPOE Maria Saal II"]

1.d4 Nf6 2.Bg5 c5 3.d5 Qb6 4.Nc3 Qxb2 5.Bd2 Qb6 6.e4 e5 7.f4 d6 8.Rb1 Qd8 9.fxe5 dxe5
10.Nf3 Nbd7 11.a4 g6 12.Be2 Bg7 13.O-O O-O 14.Qe1 Ne8 15.h4 h5 16.Ng5 Ndf6 17.Nb5
Bg4 18.Bd3 Bd7 19.Na3 Nd6 20.Bc3 Nfe8 21.a5 Rb8 22.Qg3 Qe7 23.Nf3 c4 24.Nxc4 Nxc4
25.Bxc4 Qc5+ 26.Kh1 Qxc4 27.Nxe5 Qc7 28.d6 Nxd6 29.Nxg6 fxg6 30.Bxg7 Kxg7 31.Qe5+
Kg8 32.Rfd1 Rbe8 33.Qxd6 Rf1+ 0-1

[Event "2. BUNDESLIGA MITTE 2018/2019"]
[Site "Grieskirchen, Friedberg/Sauwald, St. Veit, Deutschlandsberg"]
[Date "2019.03.02"]
[Round "10"]
[Board "6"]
[White "Hartl, Daniel"]
[Black "Danner, Georg"]
[Result "1/2-1/2"]
[WhiteElo "2271"]
[BlackElo "2330"]
[PlyCount "86"]
[EventDate "2018.10.19"]
[EventType "team"]
[EventRounds "11"]
[EventCountry "AUT"]
[WhiteTeam "SC MPOE Maria Saal II"]
[BlackTeam "SC Pinggau-Friedberg"]

1.d4 Nf6 2.c4 e6 3.Nf3 c5 4.d5 exd5 5.cxd5 d6 6.Nc3 g6 7.Bf4 a6 8.a4 Bg7 9.h3 O-O
10.e3 Ne8 11.Be2 Nd7 12.O-O Rb8 13.a5 Qe7 14.Nd2 Ne5 15.Bh2 f5 16.f4 Nf7 17.e4 b5
18.axb6 Rxb6 19.Nc4 Rxb2 20.Nxb2 Bxc3 21.Qc2 Bd4+ 22.Kh1 Qxe4 23.Bd3 Qxd5 24.Bxa6
Nf6 25.Bg1 Bxa6 26.Rxa6 Qe4 27.Qxe4 fxe4 28.Nc4 Nh5 29.Kh2 d5 30.Bxd4 cxd4 31.g4 Ng7
32.Nb6 Rd8 33.Ra5 Ne6 34.Rxd5 Rb8 35.Nd7 Rb2+ 36.Kg3 Rb3+ 37.Kh2 e3 38.f5 e2 39.Re1
Nfg5 40.Rxe2 Rxh3+ 41.Kg1 gxf5 42.Rxf5 d3 43.Ree5 Nf3+ 1/2-1/2

[Event "2. BUNDESLIGA MITTE 2018/2019"]
[Site "Grieskirchen, Friedberg/Sauwald, St. Veit, Deutschlandsberg"]
[Date "2019.03.02"]
[Round "10"]
[Board "1"]
[White "Hera, Imre"]
[Black "Schwabeneder, Florian"]
[Result "1-0"]
[WhiteElo "2605"]
[BlackElo "2430"]
[PlyCount "67"]
[EventDate "2018.10.19"]
[EventType "team"]
[EventRounds "11"]
[EventCountry "AUT"]
[WhiteTeam "SPG Fuerstenfeld/Hartberg"]
[BlackTeam "SPK Grieskirchen/Schallerbach"]

1.Nf3 Nf6 2.g3 b6 3.Bg2 Bb7 4.O-O g6 5.d3 Bg7 6.e4 d6 7.Nh4 Nfd7 8.f4 c5 9.Nc3 Nc6
10.f5 O-O 11.Bg5 Nf6 12.Qd2 Ne5 13.h3 Bc6 14.Rae1 b5 15.g4 b4 16.Nd1 a5 17.Bh6 a4
18.Bxg7 Kxg7 19.Ne3 Nfd7 20.g5 e6 21.f6+ Kg8 22.Nf3 b3 23.axb3 axb3 24.c3 Bb5 25.c4
Bc6 26.Rc1 Qb6 27.Rc3 Ra2 28.Ng4 Nxf3+ 29.Bxf3 Rfa8 30.Bd1 Ba4 31.Qf2 Ne5 32.Qh4 Kh8
33.Qh6 Rg8 34.Rf4 1-0

[Event "2. BUNDESLIGA MITTE 2018/2019"]
[Site "Grieskirchen, Friedberg/Sauwald, St. Veit, Deutschlandsberg"]
[Date "2019.03.02"]
[Round "10"]
[Board "2"]
[White "Haba, Petr"]
[Black "Korpa, Bence"]
[Result "1/2-1/2"]
[WhiteElo "2445"]
[BlackElo "2503"]
[PlyCount "142"]
[EventDate "2018.10.19"]
[EventType "team"]
[EventRounds "11"]
[EventCountry "AUT"]
[WhiteTeam "SPK Grieskirchen/Schallerbach"]
[BlackTeam "SPG Fuerstenfeld/Hartberg"]

1.e4 c6 2.d4 d5 3.e5 Bf5 4.Nd2 e6 5.Nb3 Nd7 6.Nf3 Bg6 7.Be2 Nh6 8.Bxh6 gxh6 9.O-O
Bg7 10.Qd2 O-O 11.c3 f6 12.exf6 Qxf6 13.Rae1 Rae8 14.Bd3 Qf7 15.Bxg6 hxg6 16.Re2 g5
17.h3 b6 18.Nc1 e5 19.dxe5 Nxe5 20.Nxe5 Rxe5 21.Rxe5 Bxe5 22.Nd3 Bd6 23.Re1 Re8 24.Rxe8+
Qxe8 25.h4 Qe7 26.hxg5 hxg5 27.g3 Kf7 28.Qd1 Qe4 29.Qh5+ Qg6 30.Qf3+ Ke7 31.Qe3+ Kd7
32.Kf1 Qf5 33.Ke2 Qe6 34.Qxe6+ Kxe6 35.Kf3 Kf5 36.g4+ Kf6 37.Ke3 a5 38.a4 Bb8 39.b3
b5 40.f3 bxa4 41.bxa4 Be5 42.Kd2 Ke6 43.Kc2 Kd6 44.Kb3 Bg3 45.Kc2 c5 46.Nc1 Bf2 47.Ne2
Ke5 48.Kd3 c4+ 49.Kd2 d4 50.cxd4+ Bxd4 51.Kc2 Be3 52.Kc3 Kd5 53.Kc2 Kd6 54.Kb2 Kc6
55.Kc2 Kd5 56.Nc3+ Kc5 57.Kd1 Bd4 58.Ne4+ Kb4 59.Kc2 Be3 60.Nc3 Ka3 61.Nd5 Bd4 62.f4
gxf4 63.Nxf4 Kxa4 64.g5 Kb4 65.g6 a4 66.Ne6 Be5 67.g7 Bxg7 68.Nxg7 c3 69.Nf5 a3 70.Nd4
a2 71.Nb3 Kc4 1/2-1/2

[Event "2. BUNDESLIGA MITTE 2018/2019"]
[Site "Grieskirchen, Friedberg/Sauwald, St. Veit, Deutschlandsberg"]
[Date "2019.03.02"]
[Round "10"]
[Board "3"]
[White "Poetz, Florian"]
[Black "Kilgus, Georg"]
[Result "0-1"]
[WhiteElo "2387"]
[BlackElo "2436"]
[PlyCount "70"]
[EventDate "2018.10.19"]
[EventType "team"]
[EventRounds "11"]
[EventCountry "AUT"]
[WhiteTeam "SPG Fuerstenfeld/Hartberg"]
[BlackTeam "SPK Grieskirchen/Schallerbach"]

1.e4 c6 2.d4 d5 3.exd5 cxd5 4.c4 Nf6 5.Nc3 e6 6.Nf3 Be7 7.cxd5 Nxd5 8.Bd3 O-O 9.a3
Nf6 10.O-O b6 11.Qe2 Bb7 12.Rd1 Nbd7 13.Ne5 a6 14.Bc4 b5 15.Nxf7 Rxf7 16.Bxe6 Nf8
17.d5 Bd6 18.Bxf7+ Kxf7 19.Bg5 Qe8 20.Qd2 Qe5 21.g3 Qf5 22.Bxf6 gxf6 23.Qe3 Re8 24.Qb6
Qd7 25.Re1 Rxe1+ 26.Rxe1 Be5 27.Rd1 Bxc3 28.bxc3 Ng6 29.a4 Nf4 30.axb5 axb5 31.Qe3
Nxd5 32.Qe4 f5 33.Qe5 Qe6 34.Qh8 Nf6 35.Rf1 Qe2 0-1

[Event "2. BUNDESLIGA MITTE 2018/2019"]
[Site "Grieskirchen, Friedberg/Sauwald, St. Veit, Deutschlandsberg"]
[Date "2019.03.02"]
[Round "10"]
[Board "4"]
[White "Singer, Christoph"]
[Black "Csonka, Attila"]
[Result "0-1"]
[WhiteElo "2347"]
[BlackElo "2375"]
[PlyCount "112"]
[EventDate "2018.10.19"]
[EventType "team"]
[EventRounds "11"]
[EventCountry "AUT"]
[WhiteTeam "SPK Grieskirchen/Schallerbach"]
[BlackTeam "SPG Fuerstenfeld/Hartberg"]

1.e4 c5 2.Nf3 e6 3.d3 d5 4.Nbd2 Nc6 5.g3 Nf6 6.Bg2 dxe4 7.dxe4 e5 8.O-O h6 9.c3 Be6
10.Qe2 Qd7 11.Nc4 Bxc4 12.Qxc4 Rd8 13.Be3 Be7 14.Rad1 Qxd1 15.Rxd1 Rxd1+ 16.Bf1 O-O
17.Qb3 Rd7 18.Bh3 Rc7 19.Qa4 Rd8 20.Nh4 Bf8 21.Nf5 Rcd7 22.Kg2 Rd1 23.Qb5 R8d7 24.Qe2
R7d3 25.Qf3 g6 26.Nh4 Be7 27.Bc8 Nd4 28.cxd4 cxd4 29.Nxg6 fxg6 30.Be6+ Kh7 31.Bb3
Re1 32.Bc4 Rdxe3 33.fxe3 Rxe3 34.Qf1 Rxe4 35.Qf3 d3 36.Bxd3 Rb4 37.b3 e4 38.Qe2 Rd4
39.Bc4 Bb4 40.Qf1 Kg7 41.Qf4 Bd6 42.Qf2 Be5 43.Be6 h5 44.Qe2 Rd3 45.Bc4 Rc3 46.Qd2
Ng4 47.Qd7+ Kh6 48.Qxb7 Rc2+ 49.Kf1 Nxh2+ 50.Ke1 Nf3+ 51.Kd1 Rd2+ 52.Kc1 Bb2+ 53.Kb1
Rh2 54.Bg8 Ba3 55.Qxa7 Rh1+ 56.Kc2 Rc1# 0-1

[Event "2. BUNDESLIGA MITTE 2018/2019"]
[Site "Grieskirchen, Friedberg/Sauwald, St. Veit, Deutschlandsberg"]
[Date "2019.03.02"]
[Round "10"]
[Board "5"]
[White "Kuba, Guenter"]
[Black "Webersberger, Johann"]
[Result "1/2-1/2"]
[WhiteElo "2329"]
[BlackElo "2368"]
[PlyCount "40"]
[EventDate "2018.10.19"]
[EventType "team"]
[EventRounds "11"]
[EventCountry "AUT"]
[WhiteTeam "SPG Fuerstenfeld/Hartberg"]
[BlackTeam "SPK Grieskirchen/Schallerbach"]

1.e4 e6 2.d4 d5 3.Nd2 dxe4 4.Nxe4 Bd7 5.Nf3 Bc6 6.Bd3 Nd7 7.O-O Ngf6 8.Ng3 g6 9.Re1
Bg7 10.b3 O-O 11.Bb2 b6 12.c4 Bb7 13.Qe2 c5 14.Rad1 Qc7 15.h3 Rad8 16.Qe3 Rfe8 17.Bf1
Qc8 18.Qe2 Qc7 19.Qe3 Qc8 20.Qe2 Qc7 1/2-1/2

[Event "2. BUNDESLIGA MITTE 2018/2019"]
[Site "Grieskirchen, Friedberg/Sauwald, St. Veit, Deutschlandsberg"]
[Date "2019.03.02"]
[Round "10"]
[Board "6"]
[White "Lentrodt, Thomas"]
[Black "Postl, Anton"]
[Result "1-0"]
[WhiteElo "2281"]
[BlackElo "2288"]
[PlyCount "81"]
[EventDate "2018.10.19"]
[EventType "team"]
[EventRounds "11"]
[EventCountry "AUT"]
[WhiteTeam "SPK Grieskirchen/Schallerbach"]
[BlackTeam "SPG Fuerstenfeld/Hartberg"]

1.d4 Nf6 2.c4 g6 3.Nc3 Bg7 4.e4 d6 5.Be2 O-O 6.Nf3 e5 7.O-O Nc6 8.d5 Ne7 9.Ne1 Nd7
10.Nd3 f5 11.f3 f4 12.g4 g5 13.Bd2 h5 14.h3 Ng6 15.Be1 Rf7 16.Bf2 Bf8 17.b4 a5 18.a3
Rh7 19.Kg2 Nf6 20.Rg1 Kf7 21.Kf1 Be7 22.Ke1 hxg4 23.hxg4 Rh2 24.Kd2 c6 25.Rh1 Rxh1
26.Qxh1 cxd5 27.cxd5 axb4 28.axb4 Bd7 29.Nb2 Nh4 30.Rxa8 Qxa8 31.Nc4 Be8 32.Bb6 Qb8
33.Qa1 Bd7 34.Qa7 Qxa7 35.Bxa7 Ke8 36.Bb8 Bxg4 37.fxg4 f3 38.Bd3 Kd7 39.Ne3 Bd8 40.Bb5+
Ke7 41.Ba7 1-0

[Event "2. BUNDESLIGA MITTE 2018/2019"]
[Site "Grieskirchen, Friedberg/Sauwald, St. Veit, Deutschlandsberg"]
[Date "2019.03.02"]
[Round "10"]
[Board "1"]
[White "Horvath, Adam"]
[Black "Leisch, Lukas"]
[Result "1-0"]
[WhiteElo "2520"]
[BlackElo "2338"]
[PlyCount "99"]
[EventDate "2018.10.19"]
[EventType "team"]
[EventRounds "11"]
[EventCountry "AUT"]
[WhiteTeam "EJ Gleisdorf"]
[BlackTeam "Freistadt/Wartberg"]

1.e4 e6 2.d4 d5 3.Nd2 c5 4.exd5 Qxd5 5.Ngf3 cxd4 6.Bc4 Qd6 7.O-O Nf6 8.Nb3 Nc6 9.Nbxd4
Nxd4 10.Nxd4 a6 11.Re1 Qc7 12.Bf1 Bd6 13.g3 O-O 14.Bg5 e5 15.Bxf6 gxf6 16.Nb3 Bf5
17.Qf3 Bg6 18.Qxf6 e4 19.c3 Rad8 20.Qg5 f5 21.Nd4 Rde8 22.Rad1 Kh8 23.Bh3 Re5 24.Qh6
Qe7 25.Ne2 Ra5 26.Nf4 Bxf4 27.Qxf4 Rxa2 28.Rd2 Ra5 29.Red1 Qe5 30.Qe3 f4 31.gxf4 Qxf4
32.Qxf4 Rxf4 33.Rd5 Rxd5 34.Rxd5 Rf8 35.Rd6 Re8 36.Bg2 Re7 37.Kf1 Bh5 38.Ke1 e3 39.Rb6
e2 40.Rxb7 Re8 41.Bd5 Re5 42.c4 h6 43.h4 Rf5 44.Rb8+ Kg7 45.Rg8+ Kf6 46.Rf8+ Ke5 47.Rxf5+
Kxf5 48.b4 Kg4 49.b5 axb5 50.cxb5 1-0

[Event "2. BUNDESLIGA MITTE 2018/2019"]
[Site "Grieskirchen, Friedberg/Sauwald, St. Veit, Deutschlandsberg"]
[Date "2019.03.02"]
[Round "10"]
[Board "2"]
[White "Koller, Hans-Juergen"]
[Black "Heinemann, Thies"]
[Result "1/2-1/2"]
[WhiteElo "2163"]
[BlackElo "2509"]
[PlyCount "82"]
[EventDate "2018.10.19"]
[EventType "team"]
[EventRounds "11"]
[EventCountry "AUT"]
[WhiteTeam "Freistadt/Wartberg"]
[BlackTeam "EJ Gleisdorf"]

1.Nf3 c5 2.c4 Nc6 3.b3 e5 4.Bb2 d6 5.g3 g6 6.Bg2 Bg7 7.O-O Nge7 8.d3 O-O 9.Nc3 Rb8
10.Ne1 f5 11.Nc2 f4 12.a3 Nd4 13.b4 b6 14.Nxd4 exd4 15.Ne4 Bg4 16.Bc1 Be5 17.Bxf4
Bxf4 18.gxf4 Qd7 19.Qd2 Bh3 20.Bxh3 Qxh3 21.Kh1 Nf5 22.Rg1 Rbe8 23.bxc5 dxc5 24.a4
Ng7 25.a5 Nh5 26.e3 Qf3+ 27.Rg2 Rxe4 28.dxe4 Qxe4 29.Kg1 Rd8 30.Rg5 d3 31.axb6 axb6
32.Rc1 Ng7 33.Re5 Qf3 34.Qd1 d2 35.Rb1 Qh3 36.Rb2 Nf5 37.Rxf5 Qxf5 38.Rxd2 Rxd2 39.Qxd2
Qb1+ 40.Kg2 Qe4+ 41.Kg3 Qxc4 1/2-1/2

[Event "2. BUNDESLIGA MITTE 2018/2019"]
[Site "Grieskirchen, Friedberg/Sauwald, St. Veit, Deutschlandsberg"]
[Date "2019.03.02"]
[Round "10"]
[Board "3"]
[White "Frosch, Ronald"]
[Black "Mayerhofer, Peter"]
[Result "0-1"]
[WhiteElo "2284"]
[BlackElo "2181"]
[PlyCount "80"]
[EventDate "2018.10.19"]
[EventType "team"]
[EventRounds "11"]
[EventCountry "AUT"]
[WhiteTeam "EJ Gleisdorf"]
[BlackTeam "Freistadt/Wartberg"]

1.d4 g6 2.Nf3 Bg7 3.e4 d6 4.Bd3 Nf6 5.c3 O-O 6.O-O c5 7.h3 Nc6 8.Be3 b6 9.Qe2 Bb7
10.Nbd2 cxd4 11.Nxd4 Ne5 12.Bc2 Qc8 13.a4 d5 14.f4 Nc4 15.Nxc4 dxc4 16.e5 Nd5 17.Bc1
Qc5 18.Kh2 e6 19.Be4 Rfd8 20.Qf3 a6 21.h4 Qe7 22.g3 h5 23.Kh3 Ra7 24.Rg1 Qe8 25.Kh2
Qe7 26.Bd2 Qe8 27.Be1 Ba8 28.Bf2 Rad7 29.Qe2 Rc8 30.Nf3 b5 31.axb5 axb5 32.Bd4 Ne7
33.Ng5 Bxe4 34.Nxe4 Nf5 35.Bc5 Qd8 36.Rgd1 Rd3 37.Bd6 Nxg3 38.Qg2 Qxh4+ 39.Kg1 Rxd1+
40.Rxd1 Nxe4 0-1

[Event "2. BUNDESLIGA MITTE 2018/2019"]
[Site "Grieskirchen, Friedberg/Sauwald, St. Veit, Deutschlandsberg"]
[Date "2019.03.02"]
[Round "10"]
[Board "4"]
[White "Rechberger, Franz"]
[Black "Wanderer, Thomas"]
[Result "0-1"]
[WhiteElo "2115"]
[BlackElo "2225"]
[PlyCount "73"]
[EventDate "2018.10.19"]
[EventType "team"]
[EventRounds "11"]
[EventCountry "AUT"]
[WhiteTeam "Freistadt/Wartberg"]
[BlackTeam "EJ Gleisdorf"]

1.e4 c5 2.Nf3 e6 3.d4 cxd4 4.Nxd4 a6 5.Bd3 Qc7 6.O-O Nf6 7.Qe2 d6 8.f4 Nbd7 9.c4 Be7
10.b3 b6 11.Bb2 Bb7 12.Nd2 O-O 13.Rae1 Rfd8 14.e5 dxe5 15.fxe5 Qxe5 16.Qxe5 Nxe5 17.Rxe5
Bc5 18.Rf4 Nd7 19.Rh5 g6 20.Rh3 e5 21.Rfh4 Nf8 22.Ne4 Bxd4+ 23.Bxd4 Rxd4 24.Nf6+ Kg7
25.Rxd4 exd4 26.Nd5 b5 27.Nb6 Re8 28.cxb5 axb5 29.Bxb5 Re1+ 30.Bf1 Ne6 31.Rd3 Rc1
32.Rd2 Ba6 33.Nc4 Bxc4 34.bxc4 Kf6 35.Kf2 Ke5 36.Be2 Nc5 37.Bf1 0-1

[Event "2. BUNDESLIGA MITTE 2018/2019"]
[Site "Grieskirchen, Friedberg/Sauwald, St. Veit, Deutschlandsberg"]
[Date "2019.03.02"]
[Round "10"]
[Board "5"]
[White "Manhardt, Thomas"]
[Black "Traunwieser, Georg"]
[Result "1-0"]
[WhiteElo "2264"]
[BlackElo "2102"]
[PlyCount "61"]
[EventDate "2018.10.19"]
[EventType "team"]
[EventRounds "11"]
[EventCountry "AUT"]
[WhiteTeam "EJ Gleisdorf"]
[BlackTeam "Freistadt/Wartberg"]

1.e4 e5 2.Nf3 Nc6 3.d4 exd4 4.Nxd4 Nf6 5.Nxc6 bxc6 6.e5 Qe7 7.Qe2 Nd5 8.c4 Nb6 9.Nd2
Qe6 10.b3 a5 11.Bb2 a4 12.g3 axb3 13.axb3 Rxa1+ 14.Bxa1 Bb4 15.Bg2 O-O 16.O-O d5 17.cxd5
cxd5 18.f4 Qh6 19.Nf3 c5 20.Ng5 Qg6 21.h4 Qc6 22.f5 c4 23.bxc4 Nxc4 24.Kh2 h6 25.Nh3
Ba6 26.Rf4 Qa4 27.Bd4 Bd2 28.Rf2 Qa5 29.e6 Bb4 30.e7 Re8 31.Qg4 1-0

[Event "2. BUNDESLIGA MITTE 2018/2019"]
[Site "Grieskirchen, Friedberg/Sauwald, St. Veit, Deutschlandsberg"]
[Date "2019.03.02"]
[Round "10"]
[Board "6"]
[White "Duy, Alexander"]
[Black "Wegerer, Fred"]
[Result "0-1"]
[WhiteElo "1764"]
[BlackElo "2182"]
[PlyCount "80"]
[EventDate "2018.10.19"]
[EventType "team"]
[EventRounds "11"]
[EventCountry "AUT"]
[WhiteTeam "Freistadt/Wartberg"]
[BlackTeam "EJ Gleisdorf"]

1.c4 e5 2.g3 Nf6 3.Bg2 Nc6 4.Nc3 Bb4 5.e3 Bxc3 6.bxc3 O-O 7.Ne2 e4 8.O-O Ne5 9.Qc2
d5 10.cxd5 Bg4 11.Nd4 Qxd5 12.Qb3 Qd7 13.f4 Nd3 14.Qxb7 Rfe8 15.Ba3 Bh3 16.Qb5 Qc8
17.Nc6 Bxg2 18.Kxg2 Qg4 19.Nd4 c5 20.Bxc5 Rab8 21.Qa5 Rb2 22.c4 Qh5 23.Bb4 Nxb4 24.Qxh5
Nxh5 25.Nb3 Rc8 26.Rfc1 Nxa2 27.Rcb1 Rxb1 28.Rxb1 Nb4 29.c5 g6 30.Ra1 Nc6 31.Nd4 Ng7
32.Nb5 f5 33.Nd6 Rc7 34.Rb1 Ne6 35.Ne8 Re7 36.Nf6+ Kg7 37.Nd5 Rd7 38.Nb4 Rxd2+ 39.Kg1
Nxb4 40.Rxb4 Nxc5 0-1

[Event "2. BUNDESLIGA MITTE 2018/2019"]
[Site "Grieskirchen, Friedberg/Sauwald, St. Veit, Deutschlandsberg"]
[Date "2019.03.03"]
[Round "11"]
[Board "1"]
[White "Schmidt, Peter"]
[Black "Pilaj, Herwig"]
[Result "1/2-1/2"]
[WhiteElo "2399"]
[BlackElo "2336"]
[PlyCount "57"]
[EventDate "2018.10.19"]
[EventType "team"]
[EventRounds "11"]
[EventCountry "AUT"]
[WhiteTeam "SPG Sauwald"]
[BlackTeam "SC Die Klagenfurter"]

1.Nf3 c5 2.b3 b6 3.g3 Bb7 4.Bg2 Nf6 5.c4 Nc6 6.Bb2 Nd4 7.e3 Nxf3+ 8.Bxf3 Qc8 9.Nc3
e6 10.O-O Bxf3 11.Qxf3 Qc6 12.Qxc6 dxc6 13.d3 Be7 14.Ne4 Nxe4 15.dxe4 O-O 16.Rfd1
Rfd8 17.Be5 Bf6 18.Bxf6 gxf6 19.Kf1 Kf8 20.Ke2 Rxd1 21.Rxd1 Ke7 22.Kd3 Rd8+ 23.Kc2
Rg8 24.Rd2 Rb8 25.Kd3 Rd8+ 26.Kc2 Rb8 27.Kd3 Rd8+ 28.Kc2 Rb8 29.Kd3 1/2-1/2

[Event "2. BUNDESLIGA MITTE 2018/2019"]
[Site "Grieskirchen, Friedberg/Sauwald, St. Veit, Deutschlandsberg"]
[Date "2019.03.03"]
[Round "11"]
[Board "2"]
[White "Wertjanz, David"]
[Black "Renner, Christoph"]
[Result "0-1"]
[WhiteElo "2311"]
[BlackElo "2317"]
[PlyCount "80"]
[EventDate "2018.10.19"]
[EventType "team"]
[EventRounds "11"]
[EventCountry "AUT"]
[WhiteTeam "SC Die Klagenfurter"]
[BlackTeam "SPG Sauwald"]

1.e4 e5 2.Nf3 Nc6 3.Bb5 a6 4.Ba4 d6 5.c4 Nf6 6.Nc3 Bg4 7.d4 exd4 8.Bxc6+ bxc6 9.Qxd4
Nd7 10.Bg5 f6 11.Be3 Be7 12.Nd2 Ne5 13.Bf4 O-O 14.O-O Qd7 15.b4 Rab8 16.a3 Be6 17.Rfd1
Ng6 18.Bg3 h5 19.h3 f5 20.exf5 Rxf5 21.Nde4 h4 22.Bh2 Rbf8 23.Rf1 Nf4 24.Rad1 Qe8
25.Bxf4 Rxf4 26.Ne2 R4f5 27.Qd3 Qf7 28.f3 Bxc4 29.Qd2 d5 30.N4c3 Bg5 31.Qc2 Re8 32.f4
Bxf4 33.Kh1 Rf8 34.Rf3 Bd6 35.Nd4 Rxf3 36.Nxf3 Qe7 37.Qg6 Qf6 38.Qc2 Qf4 39.Rd4 Qxd4
40.Qg6 Qf6 0-1